| 000 | 00648nam a2200205Ia 4500 | ||
|---|---|---|---|
| 003 | GCL | ||
| 008 | 140319s9999 xx 000 0 ara d | ||
| 040 |
_aGCL / _cGCL |
||
| 082 | 0 | 4 |
_a823.03 _bد ث |
| 100 | 1 | _aصالح علمانى | |
| 245 | 1 | 0 |
_aثلاث روايات نموذجية ومقدمة / _cصالح علمانى |
| 700 | 1 | _aدى اونامونو، ميجيل | |
| 250 | _aالاولى | ||
| 260 |
_aسوريا : _bدار الطليعة الجديدة ، _c2003 |
||
| 300 |
_a127 ص ؛ _c20 سم |
||
| 650 | 0 | 4 | _aالقصص الواقعية |
| 650 | 0 | 4 | _aالقصص |
| 650 | 0 | 4 | _aالقصص - تاريخ ونقد |
| 942 |
_2ddc _cBK |
||
| 999 |
_c7412 _d7412 |
||